| 000 | 00877nam a22002537a 4500 | ||
|---|---|---|---|
| 005 | 20080826121053.0 | ||
| 008 | 080826t xxu||||| |||| 00| 0 eng d | ||
| 010 | _aENG-90765 | ||
| 020 |
_a8122504779 _c175.00 |
||
| 035 | _aEN-74298 | ||
| 037 | _bDBAD / PUB | ||
| 040 | _aDPL | ||
| 082 | _a338.7 | ||
| 100 | _aVerma, Sanjiv | ||
| 245 |
_aIndustrial economics and principles of management _cby Sanjiv Verma [and] R.K. Suri |
||
| 260 |
_aNew Delhi _bKitab Mahal _c2008 |
||
| 300 |
_axiii, 159p. _c23 cm.(pbk) |
||
| 650 | _aIndustrial organization (Economic theory) | ||
| 650 | _aBusiness economics | ||
| 650 | _aManagement | ||
| 700 | _aSuri, R.K. | ||
| 942 |
_2ddc _cEN _h338.7 _mVER |
||
| 999 |
_c15113 _d15113 |
||